|
|
|
|
| LEADER |
00668nam a22001932a 4500 |
| 001 |
001395953 |
| 003 |
CZ BrMZK |
| 005 |
20140807100649.0 |
| 007 |
ta |
| 008 |
140620s1960 ru er|||||||||||rus d |
| 040 |
|
|
|a BOA001
|b cze
|
| 100 |
1 |
|
|a Každan, Aleksandr Petrovič,
|d 1922-1997
|7 kup19950000047343
|4 aut
|
| 245 |
1 |
0 |
|a Derevnja i gorod v Vizantii 9-10 vv. :
|b očerki po istotorii vizantijskogo feodalizma /
|c Aleksandr Petrovič Každan
|
| 260 |
|
|
|a Moskva :
|b Akademia nauk SSSR,
|c 1960
|
| 300 |
|
|
|a 429 s.
|
| 910 |
|
|
|a BOA001
|b 2-0439.161
|
| 990 |
|
|
|a BK
|
| 991 |
|
|
|b 201406
|
| 996 |
7 |
|
|b 2619095981
|c 2-0439.161
|l MZK
|r Sklad / do 24 hodin
|n 0
|w 001431055
|u 000010
|a 1
|e BOA001
|j MZK50
|s A
|